New Approach to Microclimate Parameter Selection for the Production Area with Heat Supply Systems Based on Gas Infrared Radiators; European Physical Journal Web of Conferences (EPJ Web of Conferences); Vol. 110 : Thermophysical Basis of Energy Technologies
| Parent link: | European Physical Journal Web of Conferences (EPJ Web of Conferences) Vol. 110 : Thermophysical Basis of Energy Technologies.— 2016.— [01033, 4 p.] |
|---|---|
| Hlavní autor: | |
| Korporativní autor: | |
| Další autoři: | , |
| Shrnutí: | Title screen There presented experimental research results for the heat transfer behavior in the areas with the radiant heating systems based on the gas infrared radiators. The model of heat-gravitational convection is formulated, that conforms to the transformation conditions of radiant energy coming from the radiators. A new approach to the parameter selection of the indoor climate with the radiant heating systems is developed based on the analysis and collation of experimental data for the temperature patterns and that of the heat flows of the object of research. |
| Jazyk: | angličtina |
| Vydáno: |
2016
|
| Témata: | |
| On-line přístup: | http://dx.doi.org/10.1051/epjconf/201611001033 http://earchive.tpu.ru/handle/11683/33370 |
| Médium: | MixedMaterials Elektronický zdroj Kapitola |
| KOHA link: | https://koha.lib.tpu.ru/cgi-bin/koha/opac-detail.pl?biblionumber=647671 |
MARC
| LEADER | 00000nla2a2200000 4500 | ||
|---|---|---|---|
| 001 | 647671 | ||
| 005 | 20231101134458.0 | ||
| 035 | |a (RuTPU)RU\TPU\network\12817 | ||
| 035 | |a RU\TPU\network\12813 | ||
| 090 | |a 647671 | ||
| 100 | |a 20160420a2016 k y0engy50 ba | ||
| 101 | 0 | |a eng | |
| 105 | |a y z 100zy | ||
| 135 | |a drcn ---uucaa | ||
| 181 | 0 | |a i | |
| 182 | 0 | |a b | |
| 200 | 1 | |a New Approach to Microclimate Parameter Selection for the Production Area with Heat Supply Systems Based on Gas Infrared Radiators |f N. I. Kurilenko, E. Yu. Kurilenko, G. Ya. Mamontov | |
| 203 | |a Text |c electronic | ||
| 300 | |a Title screen | ||
| 320 | |a [References: 7 tit.] | ||
| 330 | |a There presented experimental research results for the heat transfer behavior in the areas with the radiant heating systems based on the gas infrared radiators. The model of heat-gravitational convection is formulated, that conforms to the transformation conditions of radiant energy coming from the radiators. A new approach to the parameter selection of the indoor climate with the radiant heating systems is developed based on the analysis and collation of experimental data for the temperature patterns and that of the heat flows of the object of research. | ||
| 461 | 0 | |0 (RuTPU)RU\TPU\network\7958 |t European Physical Journal Web of Conferences (EPJ Web of Conferences) | |
| 463 | 0 | |0 (RuTPU)RU\TPU\network\12773 |t Vol. 110 : Thermophysical Basis of Energy Technologies |o Proceedings of the Conference, October 13-15, 2015, Tomsk, Russia |f National Research Tomsk Polytechnic University (TPU) ; eds. G. V. Kuznetsov [et al.] |v [01033, 4 p.] |d 2016 | |
| 610 | 1 | |a электронный ресурс | |
| 610 | 1 | |a труды учёных ТПУ | |
| 610 | 1 | |a микроклимат | |
| 610 | 1 | |a производственные помещения | |
| 610 | 1 | |a теплоснабжающие системы | |
| 610 | 1 | |a газовые излучатели | |
| 610 | 1 | |a инфракрасные излучатели | |
| 700 | 1 | |a Kurilenko |b N. I. | |
| 701 | 1 | |a Kurilenko |b E. Yu. | |
| 701 | 1 | |a Mamontov |b G. Ya. |c mathematician |c Professor of Tomsk Polytechnic University, doctor of physical and mathematical Sciences |f 1945- |g Gennady Yakovlevich |2 stltpush |3 (RuTPU)RU\TPU\pers\35353 | |
| 712 | 0 | 2 | |a Национальный исследовательский Томский политехнический университет (ТПУ) |b Институт кибернетики (ИК) |b Кафедра инженерной графики и промышленного дизайна (ИГПД) |h 7273 |2 stltpush |3 (RuTPU)RU\TPU\col\18737 |
| 801 | 2 | |a RU |b 63413507 |c 20161121 |g RCR | |
| 856 | 4 | |u http://dx.doi.org/10.1051/epjconf/201611001033 | |
| 856 | 4 | 0 | |u http://earchive.tpu.ru/handle/11683/33370 |
| 942 | |c CF | ||